000 00311nam a2200133Ia 4500
008 220216s9999 xx 000 0 und d
100 _aFrancis T
245 0 _aPukappurayude adisthaana khadana
260 _bRubber
_c2021
300 _a15-17
650 _aPukappura
700 _aMathew Joseph C
942 _cJS
999 _c66090
_d66090